Flagi Europy bez koloru czerwonego - Statystyki

Ogólne statystyki
  • Ten quiz został rozwiązany 21 razy
  • Średni wynik to 7 z 10
Statystyki odpowiedzi
Państwo % Poprawnych
Estonia
81%
Grecja
81%
Irlandia
81%
Szwecja
81%
Finlandia
75%
San Marino
75%
Ukraina
75%
Bośnia i Hercegowina
44%
Kosowo
44%
Albania
13%
Nie znaleziono quizów pasujących do podanych kryteriów
Rozkład punktacji
Procent ludzi z każdym wynikiem
Percentyl według liczby udzielonych odpowiedzi
Twoja historia wyników
Nie rozwiązałeś tego quizu